000 00507nam a2200181Ia 4500
008 151018s9999 xx 000 0 und d
082 _bRBASDV36746
_a891.462
100 _aसाईदास आपटे
245 _aतृषात
250 _b1
260 _bनंदा प्रकाशन
_c1979
300 _a92
600 _aसाईदास आपटे
630 _aतृषात
700 _aसाईदास आपटे
730 _aतृषात
942 _cBOOK
999 _c1036193
_d1036190